000
00311nam a2200133Ia 4500
008
240624s9999 xx 000 0 und d
041
_a
eng
082
_a
332.1 MUK
100
_a
MUKHERJEE D D
245
_a
HANDS ON CREDIT
260
_c
2015
_a
Mumbai
_b
Snowwhite
300
_a
444 : p. : cm. ; 24
365
_c
RS
999
_c
27832
_d
27832